[Event "ZMDI-Open 2013"]
[Site "Dresden"]
[Date "2013.08.12"]
[Round "3"]
[White "Vorobiov, E."]
[Black "Wichmann, C."]
[Result "1-0"]
[WhiteElo "2594"]
[BlackElo "2360"]
[PlyCount "115"]
[EventDate "2013.??.??"]

1. d4 d5 2. c4 dxc4 3. e3 Nf6 4. Bxc4 e6 5. Nf3 c5 6. O-O a6 7. Bb3 Qc7 8. Nc3
Nbd7 9. Re1 Bd6 10. d5 exd5 11. e4 O-O 12. Bxd5 Ne5 13. h3 Bd7 14. Bg5 Nxf3+
15. Qxf3 Be5 16. Rac1 Rae8 17. Bb3 Bc6 18. Bxf6 Bxf6 19. Nd5 Bxd5 20. Bxd5 Qb6
21. b3 Bd4 22. g3 Re7 23. Kg2 Qd6 24. Rcd1 Qf6 25. Qxf6 gxf6 26. f4 Kg7 27. Kf3
Rd8 28. Kg4 Kg6 29. h4 h5+ 30. Kf3 Kh6 31. g4 hxg4+ 32. Kxg4 f5+ 33. Kxf5 Rd6
34. h5 Re8 35. Kg4 Rd7 36. a4 Rg8+ 37. Kf3 Kxh5 38. Re2 Kh6 39. b4 Kg7 40. bxc5
Bxc5 41. a5 Rh8 42. Rc2 Bb4 43. Rg1+ Kf6 44. e5+ Ke7 45. Ke4 Bxa5 46. Rg7 Kf8
47. Rg4 Rh1 48. Rc8+ Ke7 49. Bb3 Rd8 50. Rxd8 Bxd8 51. Rg7 b5 52. Rxf7+ Ke8 53.
Ra7 a5 54. Bd5 Rh6 55. f5 b4 56. Ra8 Kd7 57. Be6+ Kc7 58. Rc8+ 1-0

[Event "ZMDI-Open 2013"]
[Site "Dresden"]
[Date "2013.08.12"]
[Round "3"]
[White "Teske, H."]
[Black "Rjabzev, K."]
[Result "1-0"]
[WhiteElo "2536"]
[BlackElo "2287"]
[PlyCount "65"]
[EventDate "2013.??.??"]

1. c4 e6 2. Nc3 d5 3. d4 Be7 4. Nf3 Nf6 5. g3 O-O 6. Bg2 dxc4 7. Ne5 Nc6 8.
Bxc6 bxc6 9. Nxc6 Qe8 10. Nxe7+ Qxe7 11. Qa4 Rd8 12. Qxc4 Rb8 13. b3 Qd6 14.
Bf4 Qa3 15. Bxc7 Bb7 16. Bxd8 Bxh1 17. Bxf6 gxf6 18. f3 Bxf3 19. exf3 Qb2 20.
Rd1 Qxh2 21. Ne4 Kg7 22. d5 exd5 23. Rxd5 Re8 24. g4 Qh1+ 25. Kf2 Qh2+ 26. Ke3
Qg1+ 27. Kd2 Qh2+ 28. Qe2 Qf4+ 29. Qe3 Qh2+ 30. Qe2 Qf4+ 31. Kd3 Re6 32. Qe3
Qh2 33. g5 1-0

[Event "ZMDI-Open 2013"]
[Site "Dresden"]
[Date "2013.08.12"]
[Round "3"]
[White "Barthel, A."]
[Black "Maiwald, J."]
[Result "0-1"]
[WhiteElo "2244"]
[BlackElo "2468"]
[PlyCount "62"]
[EventDate "2013.??.??"]

1. e4 d6 2. d4 Nf6 3. Nc3 g6 4. Nf3 Bg7 5. Be2 O-O 6. O-O Bg4 7. Be3 Nc6 8. h3
Bxf3 9. Bxf3 e5 10. Ne2 exd4 11. Nxd4 Ne5 12. Bg5 Qd7 13. Re1 c5 14. Nb3 Rfe8
15. g4 h5 16. Bxf6 Bxf6 17. Be2 hxg4 18. hxg4 Bg5 19. Nc1 c4 20. b3 c3 21. Nd3
Bd2 22. Rf1 Nc6 23. Bf3 Kg7 24. Kg2 Nd4 25. Rh1 Rh8 26. Rxh8 Rxh8 27. Rb1 Qe7
28. Kg1 Rh3 29. Ne1 Nxf3+ 30. Nxf3 Qxe4 31. Nh2 Bf4 0-1

[Event "ZMDI-Open 2013"]
[Site "Dresden"]
[Date "2013.08.12"]
[Round "3"]
[White "Bryzgalin, K."]
[Black "Chlost, M."]
[Result "1-0"]
[WhiteElo "2465"]
[BlackElo "2183"]
[PlyCount "197"]
[EventDate "2013.??.??"]

1. d4 d5 2. c4 c6 3. Nf3 Nf6 4. e3 Bg4 5. Nc3 e6 6. h3 Bxf3 7. Qxf3 Nbd7 8. Bd3
Be7 9. O-O O-O 10. Rd1 dxc4 11. Bxc4 Qb6 12. b3 Rfd8 13. Bb2 Qa5 14. a3 Nb6 15.
Be2 Nbd5 16. Nb1 Qc7 17. Nd2 b5 18. Rdc1 Qd7 19. Rc2 a5 20. Rac1 Rdc8 21. g3
Rab8 22. e4 Nb6 23. Qe3 Ne8 24. e5 Nd5 25. Qf3 f5 26. exf6 gxf6 27. Ne4 f5 28.
Nc5 Qd6 29. Bd3 Ng7 30. Re1 Rf8 31. Bf1 h5 32. Nd3 f4 33. g4 hxg4 34. hxg4 Bf6
35. Ne5 Bxe5 36. dxe5 Qd7 37. Bd3 Rf7 38. Bg6 Re7 39. Kg2 Ne8 40. Rh1 Rg7 41.
Be4 Nec7 42. Rh6 Kf7 43. Qh3 Rbg8 44. Bf3 Ke8 45. Rh8 Kd8 46. Qh6 Rxh8 47.
Qxh8+ Ne8 48. Bd4 Kc7 49. Qf8 Re7 50. Qh6 Kb7 51. a4 b4 52. Rc5 Nec7 53. Qg6
Na6 54. Rc1 Re8 55. Qe4 Rc8 56. Rd1 c5 57. Bb2 Kb6 58. Qc4 Nac7 59. Rh1 Rg8 60.
Qe2 Qf7 61. Rc1 Qf5 62. Qc4 Qf8 63. Kf1 Rh8 64. Ke2 Rh2 65. Rh1 Rxh1 66. Bxh1
Qh6 67. Bf3 Qh7 68. Qd3 Qh2 69. g5 Qg1 70. g6 Qg5 71. Kf1 Ka7 72. Be4 f3 73.
Bxf3 Kb8 74. Qc2 Kc8 75. Qxc5 Qxg6 76. Ke2 Qb1 77. Qc1 Qf5 78. Bxd5 exd5 79. f3
Kd7 80. Qd2 Ke7 81. Qd3 Qh5 82. Kd1 Qh2 83. Kc1 Qg1+ 84. Kc2 Qc5+ 85. Kb1 Ne6
86. Ka2 d4 87. Qe4 Kd7 88. f4 Qc6 89. Qh7+ Kc8 90. f5 Nc5 91. Qg8+ Kb7 92. Bxd4
Nxa4 93. Qf7+ Kb8 94. Qf8+ Kb7 95. Qe7+ Kc8 96. Qe6+ Qxe6 97. fxe6 Nc3+ 98.
Bxc3 bxc3 99. Kb1 1-0

[Event "ZMDI-Open 2013"]
[Site "Dresden"]
[Date "2013.08.12"]
[Round "3"]
[White "Seres, L."]
[Black "Paul, J."]
[Result "1-0"]
[WhiteElo "2442"]
[BlackElo "2238"]
[PlyCount "53"]
[EventDate "2013.??.??"]

1. d4 Nf6 2. Nf3 g6 3. c4 Bg7 4. Nc3 O-O 5. g3 d5 6. cxd5 Nxd5 7. Bg2 c5 8. O-O
cxd4 9. Nxd4 Nxc3 10. bxc3 Qa5 11. Qb3 Nc6 12. e3 Qc7 13. Rb1 Rd8 14. Ba3 Rd7
15. Nxc6 bxc6 16. Qa4 Rb8 17. Rxb8 Qxb8 18. Bxc6 Rc7 19. c4 Qb6 20. Bg2 Qa6 21.
Qe8+ Bf8 22. Bd5 Be6 23. Bxe6 fxe6 24. Rd1 Rc8 25. Qd7 Rxc4 26. Bxe7 Qc6 27.
Qxc6 1-0

[Event "ZMDI-Open 2013"]
[Site "Dresden"]
[Date "2013.08.12"]
[Round "3"]
[White "Zwahr, P."]
[Black "Müller-Dehn, C."]
[Result "1-0"]
[WhiteElo "2363"]
[BlackElo "2181"]
[PlyCount "67"]
[EventDate "2013.??.??"]

1. e4 Nf6 2. e5 Nd5 3. d4 d6 4. Nf3 dxe5 5. Nxe5 c6 6. Be2 Nd7 7. Nf3 g6 8. O-O
Bg7 9. c4 Nc7 10. Nc3 O-O 11. h3 b6 12. Be3 Bb7 13. Qd2 Re8 14. Rad1 Rc8 15.
Rfe1 Ne6 16. d5 cxd5 17. cxd5 Nc7 18. d6 exd6 19. Qxd6 Ne5 20. Qa3 Qe7 21. Qxe7
Rxe7 22. Nd4 a6 23. Nb3 b5 24. Nc5 Ba8 25. Rd6 Nc6 26. Red1 Ree8 27. Bf3 Ne5
28. Bxa8 Rxa8 29. b3 Nf3+ 30. gxf3 Bxc3 31. Rc6 Rec8 32. Ne4 Ba5 33. Rdc1 Rd8
34. b4 1-0

[Event "ZMDI-Open 2013"]
[Site "Dresden"]
[Date "2013.08.12"]
[Round "3"]
[White "Baskin, R."]
[Black "Siedentopf, D."]
[Result "1/2-1/2"]
[WhiteElo "2138"]
[BlackElo "2311"]
[PlyCount "145"]
[EventDate "2013.??.??"]

1. e4 c5 2. Nf3 d6 3. d4 cxd4 4. Nxd4 Nf6 5. Nc3 a6 6. Bc4 e6 7. a4 Nc6 8. Be3
Be7 9. O-O Qc7 10. Qe2 O-O 11. Kh1 Bd7 12. f4 Rac8 13. Bd3 Nxd4 14. Bxd4 e5 15.
Be3 Bc6 16. a5 Nd7 17. f5 Nf6 18. Bb6 Qb8 19. Bc4 Bd8 20. Rad1 Bxb6 21. axb6
Rcd8 22. Bd5 Rd7 23. Bxc6 bxc6 24. Qxa6 d5 25. exd5 cxd5 26. Qa5 d4 27. Na4 Ng4
28. Rde1 e4 29. g3 e3 30. Qa6 Rd6 31. Rf4 Nf2+ 32. Kg2 Rfd8 33. Qa7 Qc8 34. Qc7
Qxc7 35. bxc7 Rc8 36. Nb6 Rxc7 37. Rxf2 Rxb6 38. c3 h5 39. Rfe2 d3 40. Rxe3
Rxb2+ 41. Kf3 Rxc3 42. Rd1 Rc5 43. h4 Rxf5+ 44. Ke4 Rbb5 45. Rdxd3 g6 46. Rd6
Kg7 47. Rc3 Rb4+ 48. Rd4 Rb6 49. Re3 Kf6 50. Kd3 g5 51. Rc4 Rd6+ 52. Ke2 Ra6
53. Rd4 Ra2+ 54. Rd2 Rxd2+ 55. Kxd2 Rf2+ 56. Kd3 Kf5 57. hxg5 Kxg5 58. Re8 Rf3+
59. Ke4 Rxg3 60. Rf8 f6 61. Rg8+ Kh4 62. Rf8 Rg6 63. Kf5 Rg1 64. Rh8 Rf1+ 65.
Kg6 Rg1+ 66. Kxf6 Rg5 67. Ra8 Rg3 68. Ra5 Kg4 69. Rg5+ Kh4 70. Ra5 Rf3+ 71. Kg6
Kg4 72. Rxh5 Rf6+ 73. Kxf6 1/2-1/2

[Event "ZMDI-Open 2013"]
[Site "Dresden"]
[Date "2013.08.12"]
[Round "3"]
[White "Günnigmann, M."]
[Black "Andre, G."]
[Result "1-0"]
[WhiteElo "2140"]
[BlackElo "2333"]
[PlyCount "91"]
[EventDate "2013.??.??"]

1. e4 e6 2. d4 d5 3. Nc3 Bb4 4. e5 b6 5. a3 Bf8 6. Bb5+ c6 7. Ba4 Bd7 8. Nce2
c5 9. Bb3 Ne7 10. h4 Bb5 11. h5 Nbc6 12. c3 Qc7 13. h6 f6 14. hxg7 Bxg7 15. Nf4
cxd4 16. cxd4 Kf7 17. Qh5+ Ng6 18. Nxe6 Kxe6 19. exf6 Kxf6 20. Qg5+ Kf7 21.
Qxd5+ Kf8 22. Qf5+ Ke8 23. Qxb5 a6 24. Qe2+ Kd8 25. Bg5+ Kc8 26. Nf3 Kb7 27.
O-O Rhe8 28. Qd3 Qd6 29. Rad1 h6 30. Bc1 Re7 31. Bc2 Nf4 32. Bxf4 Qxf4 33. Qf5
Qxf5 34. Bxf5 Rf8 35. Bb1 Rd8 36. d5 Ne5 37. Nd4 Red7 38. Ne6 Rg8 39. Nxg7
Rdxg7 40. Be4 Nc4 41. d6+ Kb8 42. Bd5 Nxb2 43. Rb1 Na4 44. Bxg8 Rxg8 45. Rfc1
Rd8 46. Rc4 1-0

[Event "ZMDI-Open 2013"]
[Site "Dresden"]
[Date "2013.08.12"]
[Round "3"]
[White "Richter, L."]
[Black "Osmanodja, F."]
[Result "0-1"]
[WhiteElo "2020"]
[BlackElo "2290"]
[PlyCount "62"]
[EventDate "2013.??.??"]

1. e4 c5 2. Nf3 Nc6 3. d4 cxd4 4. Nxd4 Nf6 5. Nc3 d6 6. Bg5 e6 7. Qd2 Qb6 8.
Bxf6 gxf6 9. Nb3 Bd7 10. O-O-O O-O-O 11. f4 Na5 12. Nxa5 Qxa5 13. Kb1 Kb8 14.
Be2 h5 15. Bf3 Bc6 16. Rhe1 Bg7 17. Qd3 Bh6 18. g3 f5 19. Qe2 Bg7 20. Rd3 fxe4
21. Nxe4 Qc7 22. Qd1 d5 23. Ng5 Bb5 24. Rde3 Bc4 25. Bxh5 d4 26. Ra3 Bf8 27.
Ra4 d3 28. Rxc4 Qxc4 29. Nxf7 dxc2+ 30. Qxc2 Qxc2+ 31. Kxc2 Rc8+ 0-1

[Event "ZMDI-Open 2013"]
[Site "Dresden"]
[Date "2013.08.12"]
[Round "3"]
[White "Neef, M."]
[Black "Rother, M."]
[Result "1-0"]
[WhiteElo "2252"]
[BlackElo "2136"]
[PlyCount "57"]
[EventDate "2013.??.??"]

1. Nf3 Nf6 2. c4 c6 3. d4 d5 4. e3 Bf5 5. Nc3 e6 6. Nh4 Be4 7. f3 Bg6 8. Qb3 b5
9. cxb5 c5 10. Nxg6 hxg6 11. dxc5 Bxc5 12. Bd2 Bd6 13. O-O-O Nbd7 14. Kb1 Rxh2
15. Rxh2 Bxh2 16. f4 Nc5 17. Qb4 Qb6 18. Be2 Bg3 19. Rh1 O-O-O 20. Bf3 Nfe4 21.
Bxe4 dxe4 22. Ne2 Bf2 23. Rc1 Rd5 24. Nc3 Rxd2 25. Nxe4 Rd5 26. Nxc5 Kd8 27.
Nb7+ Ke8 28. Rc8+ Kd7 29. Rd8+ 1-0

[Event "ZMDI-Open 2013"]
[Site "Dresden"]
[Date "2013.08.12"]
[Round "3"]
[White "Richter, G."]
[Black "Skibbe, W."]
[Result "0-1"]
[WhiteElo "2127"]
[BlackElo "2292"]
[PlyCount "112"]
[EventDate "2013.??.??"]

1. d4 d5 2. Nf3 Nf6 3. c4 e6 4. Nc3 Be7 5. Bg5 Nbd7 6. e3 O-O 7. Bd3 h6 8. Bh4
dxc4 9. Bxc4 a6 10. O-O b5 11. Bd3 Bb7 12. Rc1 Rc8 13. a4 b4 14. Nb1 c5 15.
Nbd2 cxd4 16. Rxc8 Qxc8 17. exd4 Nb6 18. a5 Nbd5 19. Ne5 Nf4 20. Bxf6 Bxf6 21.
Ne4 Bxe5 22. dxe5 Qd8 23. Bb1 Qxa5 24. Qd6 Rd8 25. Qe7 Qd5 26. f3 Qd4+ 27. Kh1
Bxe4 28. Bxe4 Qd2 29. Rg1 Ne2 30. Rf1 Qd1 31. Qe8+ Rxe8 32. Rxd1 Rc8 33. g3 Rc1
34. Rxc1 Nxc1 35. Kg2 a5 36. Bc2 b3 37. Be4 f5 38. exf6 gxf6 39. Kf2 f5 40. Bb1
Kf7 41. Ke3 Kf6 42. Kd2 Na2 43. Bd3 Nb4 44. Bb5 e5 45. Ba4 e4 46. fxe4 fxe4 47.
Bxb3 Ke5 48. Ke3 Nd3 49. Bc2 Nxb2 50. Bxe4 Nd1+ 51. Kf3 a4 52. Bc2 a3 53. Bb3
Kd4 54. g4 Nc3 55. Kf4 Ne2+ 56. Kf5 Kc3 0-1

[Event "ZMDI-Open 2013"]
[Site "Dresden"]
[Date "2013.08.12"]
[Round "3"]
[White "Bräuer, F."]
[Black "Rudolf, M."]
[Result "1/2-1/2"]
[WhiteElo "2282"]
[BlackElo "2108"]
[PlyCount "73"]
[EventDate "2013.??.??"]

1. e4 e6 2. d4 d5 3. Nc3 dxe4 4. Nxe4 Nd7 5. Nf3 Ngf6 6. Bg5 h6 7. Nxf6+ Nxf6
8. Be3 Nd5 9. Bd2 c5 10. Bb5+ Bd7 11. Bxd7+ Qxd7 12. O-O cxd4 13. Nxd4 Be7 14.
c4 Nf6 15. Be3 a6 16. Qf3 O-O 17. Rfd1 Qc7 18. Rac1 Rfd8 19. Bf4 Qb6 20. Nb3
Rxd1+ 21. Rxd1 Rc8 22. c5 Qb5 23. Be5 Rd8 24. Rxd8+ Bxd8 25. Qd1 Nd5 26. Qg4
Bf6 27. Bxf6 Nxf6 28. Qd4 Nd5 29. Nc1 Qa5 30. Kf1 Qb5+ 31. Kg1 Qa5 32. Kf1 Qb5+
33. Ke1 Nb4 34. Qc3 Nd5 35. Qd4 Nb4 36. Qc3 Nd5 37. Qd4 1/2-1/2

[Event "ZMDI-Open 2013"]
[Site "Dresden"]
[Date "2013.08.12"]
[Round "3"]
[White "Hess, C."]
[Black "Frey, A."]
[Result "1/2-1/2"]
[WhiteElo "2273"]
[BlackElo "2089"]
[PlyCount "67"]
[EventDate "2013.??.??"]

1. Nf3 Nf6 2. c4 g6 3. Nc3 Bg7 4. e4 c5 5. d4 cxd4 6. Nxd4 Nc6 7. Be3 O-O 8.
Be2 d6 9. O-O Bd7 10. Rc1 Nxd4 11. Bxd4 Bc6 12. Qd3 a5 13. Rfd1 Nd7 14. Bxg7
Kxg7 15. Qd4+ Kg8 16. Bg4 Nf6 17. Bh3 Qb8 18. Nd5 Bxd5 19. cxd5 Re8 20. f3 Qd8
21. Rc3 Nd7 22. Bxd7 Qxd7 23. Rdc1 Rec8 24. h4 h5 25. Qb6 Rxc3 26. Rxc3 Ra6 27.
Qd4 Qd8 28. b3 Ra8 29. Kf2 Rc8 30. Rc4 Rxc4 31. bxc4 Qc7 32. Ke3 b6 33. Kd3 f6
34. a4 1/2-1/2

[Event "ZMDI-Open 2013"]
[Site "Dresden"]
[Date "2013.08.12"]
[Round "3"]
[White "Urban, L."]
[Black "Holm, S."]
[Result "1/2-1/2"]
[WhiteElo "2127"]
[BlackElo "2256"]
[PlyCount "99"]
[EventDate "2013.??.??"]

1. d4 d5 2. c4 e6 3. Nc3 Nf6 4. cxd5 exd5 5. Bg5 Be7 6. e3 h6 7. Bh4 O-O 8. Bd3
c5 9. dxc5 Nbd7 10. Nge2 Nxc5 11. O-O Be6 12. Bc2 Qb6 13. Rb1 Rfd8 14. Nd4 Rac8
15. Qe2 a6 16. Rfd1 g5 17. Bg3 Nce4 18. Nxe4 Nxe4 19. Qd3 Bf6 20. f3 Nxg3 21.
hxg3 Bg7 22. Qh7+ Kf8 23. Bf5 Rc7 24. Bxe6 fxe6 25. Qg6 Re8 26. Nf5 Qc5 27.
Nxh6 Qxe3+ 28. Kh2 Qe5 29. Rbc1 Rd7 30. Qh7 Qf6 31. Qg8+ Ke7 32. Nf5+ Qxf5 33.
Qxg7+ Kd8 34. Qd4 Qh7+ 35. Kg1 Qg7 36. Qb6+ Ke7 37. Re1 Qf6 38. Rc7 Rxc7 39.
Qxc7+ Kf8 40. Re5 Re7 41. Qc3 Kf7 42. f4 gxf4 43. gxf4 Qxf4 44. Re1 d4 45. Qc8
Kg7 46. Rxe6 Rxe6 47. Qxe6 Qc1+ 48. Kh2 Qxb2 49. Qe7+ Kg6 50. Qe6+ 1/2-1/2

[Event "ZMDI-Open 2013"]
[Site "Dresden"]
[Date "2013.08.12"]
[Round "3"]
[White "Böttger, L."]
[Black "Pietzsch, M."]
[Result "1/2-1/2"]
[WhiteElo "2240"]
[BlackElo "2086"]
[PlyCount "57"]
[EventDate "2013.??.??"]

1. d4 Nf6 2. c4 c5 3. d5 g6 4. Nc3 Bg7 5. e4 d6 6. f3 O-O 7. Be3 a6 8. a4 e6 9.
Nge2 exd5 10. cxd5 Nbd7 11. Ng3 Ne5 12. Be2 Bd7 13. h3 b5 14. f4 Nc4 15. Bxc4
bxc4 16. O-O Rb8 17. Rf2 Qa5 18. Qf3 Rfe8 19. e5 Rxb2 20. Rxb2 Qxc3 21. Rab1
Nxd5 22. Qxd5 Qxe3+ 23. Kh2 c3 24. Rb8 c2 25. Rxe8+ Bxe8 26. Rb8 c1=Q 27. Rxe8+
Bf8 28. Rxf8+ Kxf8 29. Qxd6+ 1/2-1/2

[Event "ZMDI-Open 2013"]
[Site "Dresden"]
[Date "2013.08.12"]
[Round "3"]
[White "Petzold, G."]
[Black "Herrich, C."]
[Result "1/2-1/2"]
[WhiteElo "2238"]
[BlackElo "2080"]
[PlyCount "72"]
[EventDate "2013.??.??"]

1. d4 Nf6 2. Nf3 g6 3. g3 Bg7 4. Bg2 O-O 5. O-O d6 6. c4 Nc6 7. Nc3 Bg4 8. d5
Na5 9. b3 c5 10. dxc6 Nxc6 11. Bb2 Qd7 12. Qd2 Bh3 13. Nd5 Ne4 14. Qc2 Bxb2 15.
Qxb2 Bxg2 16. Kxg2 f5 17. Rad1 Rad8 18. b4 e6 19. Nf4 g5 20. Nd3 Qg7 21. Qxg7+
Kxg7 22. Rfe1 Kf6 23. Nd2 Nxd2 24. Rxd2 d5 25. cxd5 Rxd5 26. Rc2 a5 27. bxa5
Rxa5 28. Rb1 Rf7 29. e3 Na7 30. Rb6 Rb5 31. Rxb5 Nxb5 32. Nc5 Rc7 33. a4 b6 34.
axb5 bxc5 35. b6 Rb7 36. Rxc5 Rxb6 1/2-1/2

[Event "ZMDI-Open 2013"]
[Site "Dresden"]
[Date "2013.08.12"]
[Round "3"]
[White "Bogomolow, S."]
[Black "Mager, D."]
[Result "1/2-1/2"]
[WhiteElo "2206"]
[BlackElo "2006"]
[PlyCount "67"]
[EventDate "2013.??.??"]

1. e4 e6 2. d4 d5 3. Nd2 c5 4. exd5 Qxd5 5. Ngf3 cxd4 6. Bc4 Qd6 7. O-O Nc6 8.
Nb3 Nf6 9. Nbxd4 Nxd4 10. Nxd4 a6 11. c3 Qc7 12. Bb3 Bd6 13. h3 h6 14. Qf3 Bd7
15. Rd1 O-O-O 16. Be3 Kb8 17. a4 e5 18. Nc2 Bc6 19. Qe2 Qe7 20. Bb6 Bc7 21. a5
Nd5 22. Bxd5 Bxd5 23. Nb4 Bb3 24. Rxd8+ Qxd8 25. Nxa6+ bxa6 26. Qxa6 Qd7 27.
Ba7+ Ka8 28. Bc5+ Kb8 29. Ba7+ Ka8 30. Bc5+ Kb8 31. Ra3 Bd5 32. Ba7+ Ka8 33.
Bc5+ Kb8 34. Kh2 1/2-1/2

[Event "ZMDI-Open 2013"]
[Site "Dresden"]
[Date "2013.08.12"]
[Round "3"]
[White "Sobolevsky, L."]
[Black "Pallas, S."]
[Result "0-1"]
[WhiteElo "2182"]
[BlackElo "1903"]
[PlyCount "100"]
[EventDate "2013.??.??"]

1. e4 c5 2. Nf3 d6 3. d4 cxd4 4. Nxd4 Nf6 5. Nc3 a6 6. Bg5 e6 7. Qf3 Nbd7 8.
Be2 Be7 9. h4 h6 10. Be3 Ne5 11. Qg3 h5 12. O-O-O Qc7 13. Bg5 b5 14. f4 Ned7
15. a3 Bb7 16. Bf3 O-O-O 17. Rhe1 Nb6 18. Rd3 Kb8 19. f5 e5 20. Nb3 Nc4 21. Nd2
Nb6 22. Be3 Nbd7 23. b4 Rhg8 24. Bg1 g6 25. Qf2 Ba8 26. a4 bxa4 27. Nxa4 gxf5
28. Rc3 Qb7 29. Nb3 Ng4 30. Bxg4 hxg4 31. Na5 g3 32. Qd2 Qb5 33. Qe3 Nc5 34.
bxc5 f4 35. Qd3 Qxa5 36. c6 Bxc6 37. Rb3+ Bb5 38. Nc3 Rd7 39. Kb2 Rb7 40. Qd5
Rc8 41. Ra1 Qc7 42. Qd2 Qc4 43. Nd5 Bd8 44. Rb4 Qc6 45. h5 a5 46. Rb3 a4 47.
Rc3 Bc4+ 48. Kc1 Ba5 49. h6 Bxd5 50. exd5 Qxc3 0-1

[Event "ZMDI-Open 2013"]
[Site "Dresden"]
[Date "2013.08.12"]
[Round "3"]
[White "Böhm, R."]
[Black "Linnemann, N."]
[Result "1/2-1/2"]
[WhiteElo "2178"]
[BlackElo "1948"]
[PlyCount "58"]
[EventDate "2013.??.??"]

1. c4 Nf6 2. g3 g6 3. Bg2 d5 4. cxd5 Nxd5 5. Nc3 Nxc3 6. bxc3 c5 7. Rb1 Qc7 8.
Qa4+ Nd7 9. c4 Bg7 10. Qb3 O-O 11. d3 Rb8 12. Nh3 b6 13. O-O Bb7 14. Nf4 e6 15.
Bb2 Ne5 16. Bc3 Nc6 17. Bxg7 Kxg7 18. Qc3+ Kg8 19. Qf6 Nd4 20. Rb2 Qd8 21. Qxd8
Rfxd8 22. Rfb1 Bxg2 23. Nxg2 Rb7 24. Ne3 Rdb8 25. Kf1 Kf8 26. Ke1 Ke7 27. Kd2
a6 28. a4 b5 29. cxb5 axb5 1/2-1/2

[Event "ZMDI-Open 2013"]
[Site "Dresden"]
[Date "2013.08.12"]
[Round "3"]
[White "Bösch, D."]
[Black "Budzyn, M."]
[Result "0-1"]
[WhiteElo "2077"]
[BlackElo "2167"]
[PlyCount "106"]
[EventDate "2013.??.??"]

1. c4 g6 2. g3 Nf6 3. Bg2 d5 4. cxd5 Nxd5 5. Nc3 Nb6 6. h4 Bg7 7. d3 Nc6 8. Bd2
Be6 9. Qc1 h6 10. Nh3 Bxh3 11. Bxh3 Nd4 12. O-O Nd5 13. Re1 O-O 14. Bg2 c6 15.
Ne4 Kh7 16. Rb1 f5 17. Nc3 Rc8 18. e3 Ne6 19. Nxd5 cxd5 20. Qd1 Nc5 21. Bb4 a5
22. Ba3 b5 23. b4 Na4 24. bxa5 Nc3 25. Qb3 Nxb1 26. Qxb1 Qd7 27. d4 Ra8 28. Bb4
Rfc8 29. h5 e6 30. hxg6+ Kxg6 31. g4 Bf8 32. gxf5+ exf5 33. a3 Kf6 34. Qb3 Bxb4
35. axb4 Rc4 36. Qd1 Rg8 37. Qh5 Rg6 38. Qh2 Kf7 39. Kf1 Rxb4 40. Qe5 Rd6 41.
Bf3 Kg6 42. Qh8 Qg7 43. Bh5+ Kf6 44. Qe8 Re6 45. Qd8+ Qe7 46. Qh8+ Kg5 47. Ke2
Rxe3+ 48. fxe3 Rb2+ 49. Kf1 Kxh5 50. Re2 Rb1+ 51. Kf2 Qh4+ 52. Kg2 Qg4+ 53. Kf2
Qg1+ 0-1

[Event "ZMDI-Open 2013"]
[Site "Dresden"]
[Date "2013.08.12"]
[Round "3"]
[White "Schnoor, E."]
[Black "Jürgens, K."]
[Result "1-0"]
[WhiteElo "2059"]
[BlackElo "2148"]
[PlyCount "51"]
[EventDate "2013.??.??"]

1. e4 g6 2. d4 Bg7 3. Nc3 d6 4. Nf3 Nf6 5. Be2 O-O 6. O-O c5 7. d5 Bg4 8. Nd2
Bxe2 9. Qxe2 Nbd7 10. a4 Nh5 11. Nc4 Nb6 12. Ne3 Nf4 13. Qf3 e5 14. a5 Nc8 15.
Nc4 Qf6 16. Rb1 Rb8 17. b4 g5 18. g3 Nh3+ 19. Kg2 Qxf3+ 20. Kxf3 f5 21. bxc5
dxc5 22. Be3 fxe4+ 23. Kg4 Nf4 24. gxf4 exf4 25. Bd2 Ne7 26. d6 1-0

[Event "ZMDI-Open 2013"]
[Site "Dresden"]
[Date "2013.08.12"]
[Round "3"]
[White "Faldum, M."]
[Black "Grohde, W."]
[Result "1/2-1/2"]
[WhiteElo "1886"]
[BlackElo "2141"]
[PlyCount "65"]
[EventDate "2013.??.??"]

1. e4 c5 2. Nf3 e6 3. d3 d5 4. Nbd2 Nc6 5. g3 Nge7 6. Bg2 g6 7. O-O Bg7 8. Re1
b6 9. c3 Qc7 10. exd5 exd5 11. d4 cxd4 12. cxd4 O-O 13. Nb3 Bg4 14. h3 Bxf3 15.
Bxf3 Rfe8 16. Bf4 Qd7 17. Bg4 Nf5 18. Qd3 Nce7 19. h4 h5 20. Bh3 Qa4 21. Be5 f6
22. Bf4 Kf7 23. Rac1 Rac8 24. Rxc8 Rxc8 25. Qe2 Qd7 26. a4 Rc4 27. a5 Qc6 28.
axb6 axb6 29. Bxf5 Nxf5 30. Ra1 Ra4 31. Rc1 Rc4 32. Ra1 Ra4 33. Rc1 1/2-1/2

[Event "ZMDI-Open 2013"]
[Site "Dresden"]
[Date "2013.08.12"]
[Round "3"]
[White "Humburg, P."]
[Black "Sergeev, V."]
[Result "0-1"]
[WhiteElo "2054"]
[BlackElo "2432"]
[PlyCount "84"]
[EventDate "2013.??.??"]

1. e4 e6 2. d4 d5 3. Nc3 Bb4 4. e5 c5 5. a3 Bxc3+ 6. bxc3 Qc7 7. Nf3 Ne7 8. h4
b6 9. Bb5+ Nec6 10. h5 h6 11. O-O Ba6 12. Bxa6 Nxa6 13. Qd3 Qb7 14. c4 dxc4 15.
Qxc4 cxd4 16. Nxd4 Nxd4 17. Qxd4 Nc5 18. Re1 O-O 19. a4 Rad8 20. Qg4 Kh7 21.
Ra3 Qd7 22. Be3 Qe7 23. Bc1 Rd5 24. Rg3 Rg8 25. Kh1 Qd7 26. Be3 Rxe5 27. Rd1
Rd5 28. Rxd5 exd5 29. Qf4 Ne4 30. Rf3 f6 31. Bd4 Rc8 32. c3 Rc4 33. Re3 Rxa4
34. f3 Ra1+ 35. Kh2 Nd2 36. Rd3 Nf1+ 37. Kg1 Ng3+ 38. Kh2 Nf1+ 39. Kg1 Ng3+ 40.
Kh2 Nxh5 41. Qb8 Qf5 42. Rd2 Qg5 0-1

[Event "ZMDI-Open 2013"]
[Site "Dresden"]
[Date "2013.08.12"]
[Round "3"]
[White "Heinemann, J."]
[Black "Hansch, T."]
[Result "1/2-1/2"]
[WhiteElo "2003"]
[BlackElo "2116"]
[PlyCount "54"]
[EventDate "2013.??.??"]

1. e4 c5 2. Nf3 d6 3. d4 cxd4 4. Nxd4 Nf6 5. Nc3 a6 6. Bg5 e6 7. f4 Be7 8. Qf3
Qc7 9. O-O-O Nbd7 10. g4 b5 11. Bxf6 Nxf6 12. g5 Nd7 13. f5 Bxg5+ 14. Kb1 O-O
15. Qg3 Bf6 16. fxe6 Nb6 17. Bh3 Be5 18. Qd3 Kh8 19. Nd5 Nxd5 20. exd5 fxe6 21.
Bxe6 Qe7 22. Nc6 Qe8 23. Nxe5 Bxe6 24. dxe6 dxe5 25. Qd5 Rf6 26. e7 Ra7 27.
Qxe5 Rxe7 1/2-1/2

[Event "ZMDI-Open 2013"]
[Site "Dresden"]
[Date "2013.08.12"]
[Round "3"]
[White "Mertens, F."]
[Black "Scharff, K."]
[Result "1-0"]
[WhiteElo "2097"]
[BlackElo "2013"]
[PlyCount "127"]
[EventDate "2013.??.??"]

1. d4 e6 2. Nf3 d6 3. e4 h6 4. Nc3 Ne7 5. Bd3 Nd7 6. O-O g5 7. e5 dxe5 8. Nxe5
Nxe5 9. dxe5 Nc6 10. f4 Qd4+ 11. Kh1 Bd7 12. Nb5 Qb6 13. Be3 Qxe3 14. Nxc7+ Kd8
15. Nxa8 gxf4 16. Bb5 Kc8 17. Rf3 Qc5 18. Rd3 Qxb5 19. Rxd7 Bc5 20. a4 Qc4 21.
b4 Bd4 22. Rc7+ Kb8 23. b5 Bxa1 24. bxc6 b6 25. Nxb6 axb6 26. Rb7+ Ka8 27. Qxa1
f3 28. gxf3 Qe2 29. Qg1 Qxf3+ 30. Qg2 Qd1+ 31. Qg1 Qxc2 32. Rxf7 Rd8 33. Rf1
Qxc6+ 34. Qg2 Qxg2+ 35. Kxg2 Rd5 36. Rf6 Rxe5 37. Rxh6 Kb7 38. Kf3 Kc6 39. Rg6
Kd6 40. h4 Rc5 41. Rg4 Ke7 42. Rb4 Rc6 43. Kg4 Kf6 44. Rf4+ Ke5 45. h5 Rc1 46.
Rf3 Rc4+ 47. Kg5 Rxa4 48. h6 Ra8 49. Kg6 Rh8 50. Kg7 Rxh6 51. Kxh6 Kd4 52. Kg5
b5 53. Rb3 Kc4 54. Rb1 b4 55. Kf4 b3 56. Ke3 Kc3 57. Rc1+ Kb2 58. Rc8 e5 59.
Kd2 e4 60. Rc7 e3+ 61. Kxe3 Ka2 62. Ra7+ Kb1 63. Kd2 b2 64. Rb7 1-0

[Event "ZMDI-Open 2013"]
[Site "Dresden"]
[Date "2013.08.12"]
[Round "3"]
[White "Wilhelm, T."]
[Black "Stock, A."]
[Result "1/2-1/2"]
[WhiteElo "2013"]
[BlackElo "2107"]
[PlyCount "112"]
[EventDate "2013.??.??"]

1. d4 c5 2. d5 Nf6 3. c4 b5 4. Nf3 g6 5. cxb5 a6 6. b6 d6 7. Nc3 Bg7 8. e4 O-O
9. Be2 Qxb6 10. Nd2 Nbd7 11. Nc4 Qc7 12. a4 Ne5 13. Nxe5 dxe5 14. O-O Ne8 15.
Be3 Nd6 16. Qc2 Bd7 17. a5 Rfc8 18. Rfc1 Qb7 19. Na4 Bxa4 20. Rxa4 f5 21. f3
Qd7 22. b3 Nb5 23. Bxb5 axb5 24. Raa1 fxe4 25. Qxe4 Qd6 26. Ra2 Bf6 27. Qd3 e6
28. Qxb5 Rab8 29. Qc4 exd5 30. Rd2 dxc4 31. Rxd6 Rxb3 32. Rxf6 Rxe3 33. Rxc4
Ra3 34. a6 Kg7 35. Re6 Rc7 36. Rxe5 Rxa6 37. Rexc5 Rd7 38. Rc7 Ra7 39. Rxa7
Rxa7 40. Rc6 h5 41. Kf2 Ra2+ 42. Kg3 Ra5 43. Kh4 Rf5 44. Rc3 Kf6 45. g4 hxg4
46. fxg4 Ra5 47. Rc6+ Kg7 48. Rc4 Rb5 49. g5 Rb7 50. Kg4 Ra7 51. h4 Rb7 52. h5
gxh5+ 53. Kxh5 Rb6 54. Rc7+ Kg8 55. Re7 Ra6 56. g6 Ra1 1/2-1/2

[Event "ZMDI-Open 2013"]
[Site "Dresden"]
[Date "2013.08.12"]
[Round "3"]
[White "Hentze, M."]
[Black "Hansch, S."]
[Result "1-0"]
[WhiteElo "2106"]
[BlackElo "1980"]
[PlyCount "63"]
[EventDate "2013.??.??"]

1. e4 c5 2. Nf3 d6 3. d4 cxd4 4. Nxd4 Nf6 5. Nc3 a6 6. Be3 e5 7. Nb3 Be6 8. f4
exf4 9. Bxf4 Be7 10. Qe2 Nc6 11. h3 Ne5 12. O-O-O Qc7 13. Nd5 Bxd5 14. exd5
Nfd7 15. g4 O-O 16. Nd4 Rfe8 17. Qd2 Rac8 18. Kb1 Ng6 19. Bg3 Nde5 20. h4 Qb6
21. h5 Nf8 22. g5 Nc4 23. Bxc4 Rxc4 24. Nf5 h6 25. Nxe7+ Rxe7 26. gxh6 Rec7 27.
hxg7 Nh7 28. Rhe1 Kxg7 29. Bf2 Qb5 30. Bd4+ f6 31. Qg2+ Kh8 32. Qg6 1-0